| 000 | nam a22 7a 4500 | ||
|---|---|---|---|
| 999 |
_c126823 _d126823 |
||
| 008 | 170829b xxu||||| |||| 00| 0 eng d | ||
| 020 | _a9781853114649 | ||
| 050 | _aBX2230.2.S847 | ||
| 100 |
_aStevenson, Kenneth _935362 |
||
| 245 |
_aDo this _bthe shape, style and meaning of the Eucharist _cKenneth Stevenson |
||
| 260 |
_aNorwich _bCanterbury Press _c2002 |
||
| 300 |
_axi, 195p. ; _c22cm. |
||
| 650 |
_aEucharist _935359 |
||
| 650 |
_aLord's supper _935363 |
||
| 942 |
_2lcc _cMONOGRAPH |
||